[Event "26.Torneo Collado Villalba 2011"]
[Site "Collado Villalba ESP"]
[Date "2011.08.26"]
[Round "4.25"]
[White "Gordillo, Manuel"]
[Black "De La Fuente Gonzalez, Francisc"]
[Result "0-1"]
[WhiteElo "1930"]
[BlackElo "2190"]
[PlyCount "90"]
[EventDate "2011.08.23"]
[EventType "swiss"]
[EventRounds "9"]
[EventCountry "ESP"]
[Source "lmi"]
[SourceDate "2011.08.23"]

1. e4 e5 2. Bc4 Nf6 3. d3 Nc6 4. Nc3 Bb4 5. Bg5 h6 6. Bd2 O-O 7. Nge2 d6 8. h3
Be6 9. a3 Bxc3 10. Nxc3 d5 11. Ba2 Qd7 12. exd5 Nxd5 13. Nxd5 Bxd5 14. Bxd5
Qxd5 15. Qg4 f5 16. Qc4 Qxc4 17. dxc4 Rad8 18. O-O-O Rfe8 19. Bc3 Nd4 20. Rhe1
c5 21. Bxd4 cxd4 22. b4 b6 23. Kb2 Kf7 24. Kb3 Kf6 25. b5 e4 26. a4 f4 27. a5
e3 28. fxe3 dxe3 29. axb6 Rxd1 30. Rxd1 axb6 31. Kc3 g5 32. Kd3 Ke5 33. c5 bxc5
34. c4 Kd6 35. Ke2+ Ke6 36. Ra1 Ke5 37. Ra6 Kd4 38. Rxh6 Kxc4 39. b6 Rb8 40. g3
Kd4 41. gxf4 gxf4 42. Rf6 Ke4 43. Rc6 f3+ 44. Kd1 Rd8+ 45. Kc2 f2 0-1

[Event "26.Torneo Collado Villalba 2011"]
[Site "Collado Villalba ESP"]
[Date "2011.08.26"]
[Round "4.26"]
[White "Gonzalez Mateos, Rafael"]
[Black "Perez Ortego, Alberto"]
[Result "1-0"]
[WhiteElo "2186"]
[BlackElo "1581"]
[PlyCount "67"]
[EventDate "2011.08.23"]
[EventType "swiss"]
[EventRounds "9"]
[EventCountry "ESP"]
[Source "lmi"]
[SourceDate "2011.08.23"]

1. d4 d5 2. c3 e6 3. Nf3 h6 4. Bf4 Nf6 5. e3 Nbd7 6. Bd3 Nh5 7. O-O Nxf4 8.
exf4 Nf6 9. Re1 Be7 10. Nbd2 O-O 11. Ne5 c5 12. Ndf3 cxd4 13. Nxd4 Nd7 14. Nef3
Nf6 15. Bc2 Bc5 16. Qd3 Qd6 17. Ne5 a6 18. g4 Bxd4 19. cxd4 Ne4 20. f3 f5 21.
fxe4 dxe4 22. Qe3 Rf6 23. Bb3 fxg4 24. Qxe4 Rf5 25. Qxf5 Qxd4+ 26. Kh1 g3 27.
Qe4 Qf2 28. Qg2 Qxf4 29. Qxg3 Qf5 30. Qf3 Qf6 31. Qxf6 gxf6 32. Ng4 Kg7 33.
Bxe6 Bxe6 34. Rxe6 1-0

[Event "26.Torneo Collado Villalba 2011"]
[Site "Collado Villalba ESP"]
[Date "2011.08.26"]
[Round "4.27"]
[White "Jordana Vargas, Julio"]
[Black "Torres Grajales, Ramon"]
[Result "0-1"]
[WhiteElo "1925"]
[BlackElo "2056"]
[PlyCount "110"]
[EventDate "2011.08.23"]
[EventType "swiss"]
[EventRounds "9"]
[EventCountry "ESP"]
[Source "lmi"]
[SourceDate "2011.08.23"]

1. c4 Nf6 2. g3 g6 3. Bg2 Bg7 4. Nf3 O-O 5. O-O d6 6. Nc3 Nc6 7. d3 e5 8. Bd2
Ne7 9. Rb1 c6 10. b4 Nd7 11. Qb3 Kh8 12. a4 a5 13. Ne4 Nf6 14. Nxf6 Bxf6 15.
bxa5 c5 16. Ra1 Nc6 17. Bc3 Nxa5 18. Qb2 Nc6 19. Nd2 Bg7 20. e3 Qe7 21. f4 f6
22. Ne4 Be6 23. fxe5 fxe5 24. Rxf8+ Bxf8 25. a5 Bh6 26. Bd2 Bg7 27. Nc3 Nb4 28.
a6 Rxa6 29. Rb1 e4 30. Bxe4 b6 31. Qb3 Qd7 32. Nb5 d5 33. cxd5 Nxd5 34. Qc2 Nf6
35. Bg2 Ra2 36. Rb2 Rxb2 37. Qxb2 Qxd3 38. Bc3 Qd1+ 39. Bf1 Bc4 40. Qf2 Qxf1+
41. Qxf1 Bxf1 42. Kxf1 Ng4 43. Bd2 Nxh2+ 44. Kg2 Ng4 45. Kf3 h5 46. Ke4 Be5 47.
Be1 Kg7 48. Kd5 Kf6 49. e4 Ne3+ 50. Kc6 Bd4 51. Kxb6 Ke5 52. Nc3 Bxc3 53. Bxc3+
Kxe4 54. Kxc5 Kf3 55. Be5 Nf5 0-1

[Event "26.Torneo Collado Villalba 2011"]
[Site "Collado Villalba ESP"]
[Date "2011.08.26"]
[Round "4.28"]
[White "Olives Barba, Carlos Jose"]
[Black "Esquivias Gomez, Francisco J"]
[Result "0-1"]
[WhiteElo "1917"]
[BlackElo "2036"]
[PlyCount "92"]
[EventDate "2011.08.23"]
[EventType "swiss"]
[EventRounds "9"]
[EventCountry "ESP"]
[Source "lmi"]
[SourceDate "2011.08.23"]

1. c3 e5 2. d4 e4 3. e3 d5 4. Qb3 Nf6 5. c4 a5 6. Nc3 Bb4 7. Bd2 Bxc3 8. bxc3
O-O 9. cxd5 Nxd5 10. c4 a4 11. Qc2 Nf6 12. c5 c6 13. Ne2 Na6 14. a3 Be6 15. Ng3
Bb3 16. Qb2 Qd7 17. Rc1 h5 18. Bc4 Bxc4 19. Rxc4 h4 20. Ne2 Nd5 21. Nc3 Nxc3
22. Qxc3 Qg4 23. Rg1 Nc7 24. Qc2 Nd5 25. h3 Qe6 26. Ke2 f5 27. Rxa4 Rxa4 28.
Qxa4 f4 29. exf4 e3 30. fxe3 Nxf4+ 31. Kd1 Nd5 32. Qb3 Kh8 33. Qd3 Nf6 34. Rf1
Ra8 35. Rf4 Kg8 36. Rxh4 Qa2 37. Rf4 Rxa3 38. Qg6 Qb3+ 39. Ke2 Qc4+ 40. Kf2 Ra1
41. Be1 Qc1 42. Bb4 Ra2+ 43. Kg3 Qg1 44. Kh4 Rxg2 45. Qf5 Rg6 46. Qc8+ Kh7 0-1

[Event "26.Torneo Collado Villalba 2011"]
[Site "Collado Villalba ESP"]
[Date "2011.08.26"]
[Round "4.29"]
[White "Martin-Consuegra Barrilero, Jav"]
[Black "Olivera Gutierrez, Albert"]
[Result "1/2-1/2"]
[WhiteElo "1892"]
[BlackElo "2036"]
[PlyCount "48"]
[EventDate "2011.08.23"]
[EventType "swiss"]
[EventRounds "9"]
[EventCountry "ESP"]
[Source "lmi"]
[SourceDate "2011.08.23"]

1. d4 d6 2. Bf4 g6 3. e3 Bg7 4. Nf3 Nf6 5. h3 O-O 6. Be2 c5 7. c3 Be6 8. dxc5
dxc5 9. Qxd8 Rxd8 10. Nbd2 Nc6 11. Ng5 Bc8 12. Bc4 e6 13. Nde4 b6 14. Nxf6+
Bxf6 15. Ne4 Be7 16. Rd1 Rxd1+ 17. Kxd1 Bb7 18. f3 Na5 19. Be2 f5 20. Nd2 Kf7
21. e4 g5 22. Be3 Rd8 23. Kc2 Bf6 24. Rd1 h6 1/2-1/2

[Event "26.Torneo Collado Villalba 2011"]
[Site "Collado Villalba ESP"]
[Date "2011.08.26"]
[Round "4.31"]
[White "Navarro Martin, Carlos"]
[Black "Bote Kobolo, Benjamin"]
[Result "0-1"]
[WhiteElo "1852"]
[BlackElo "1979"]
[PlyCount "87"]
[EventDate "2011.08.23"]
[EventType "swiss"]
[EventRounds "9"]
[EventCountry "ESP"]
[Source "lmi"]
[SourceDate "2011.08.23"]

1. e4 Nc6 2. Nf3 e5 3. Bb5 Nf6 4. O-O Be7 5. Re1 d6 6. c3 O-O 7. h3 Bd7 8. d4
a6 9. Ba4 b5 10. Bc2 Re8 11. Nbd2 Bf8 12. Nf1 g6 13. Bg5 h6 14. Bh4 Bg7 15. Qd2
Qe7 16. Ne3 g5 17. Nd5 Qd8 18. Bg3 Nh5 19. Bh2 Nf4 20. dxe5 Nxe5 21. Nxe5 dxe5
22. Rad1 Be6 23. h4 Qb8 24. hxg5 hxg5 25. Re3 c6 26. Nxf4 exf4 27. Rd3 Be5 28.
g3 Bg4 29. f3 Be6 30. gxf4 gxf4 31. Qg2+ Kh8 32. Qf2 Rg8+ 33. Kh1 Bf6 34. Qc5
Qe5 35. Qxe5 Bxe5 36. a3 Kh7 37. R3d2 Rg5 38. Rg1 Rh5 39. Kg2 Bc4 40. Rh1 Rg8+
41. Kf2 Rg6 42. Bd3 Rd6 43. Ke2 Bxd3+ 44. Rxd3 0-1

[Event "26.Torneo Collado Villalba 2011"]
[Site "Collado Villalba ESP"]
[Date "2011.08.26"]
[Round "4.32"]
[White "Ananian, Arman"]
[Black "Lopez Heras, Arturo"]
[Result "0-1"]
[WhiteElo "1847"]
[BlackElo "1949"]
[PlyCount "100"]
[EventDate "2011.08.23"]
[EventType "swiss"]
[EventRounds "9"]
[EventCountry "ESP"]
[Source "lmi"]
[SourceDate "2011.08.23"]

1. e4 e5 2. Nf3 Nc6 3. Bb5 Bd6 4. O-O a6 5. Ba4 b5 6. Bb3 Na5 7. d4 Nxb3 8.
axb3 exd4 9. Qxd4 f6 10. Re1 Ne7 11. e5 fxe5 12. Nxe5 O-O 13. Nc3 Bb7 14. Bg5
Nf5 15. Qd2 Qe8 16. Nd5 Bxe5 17. Nxc7 Bxh2+ 18. Kxh2 Qh5+ 19. Kg1 Qg4 20. f3
Bxf3 21. Nxa8 Bxa8 22. Rf1 h6 23. Rxa6 hxg5 24. Rxa8 Rxa8 25. Qd5+ Kh7 26. Qxa8
Qd4+ 27. Rf2 g4 28. c3 Qe3 29. Qd5 Qe1+ 30. Rf1 Qxf1+ 31. Kxf1 Ne3+ 32. Kf2
Nxd5 33. c4 bxc4 34. bxc4 Nb4 35. Ke2 Kg6 36. Kd2 Kf5 37. Kc3 Nc6 38. b4 Kf4
39. b5 Kg3 40. b6 Kxg2 41. c5 Kf2 42. Kc4 g3 43. Kd5 g2 44. Kd6 g1=Q 45. Kxd7
Qg6 46. b7 Qh6 47. Kc7 g5 48. b8=Q Nxb8 49. Kb7 Nc6 50. Ka8 g4 0-1

[Event "26.Torneo Collado Villalba 2011"]
[Site "Collado Villalba ESP"]
[Date "2011.08.26"]
[Round "4.33"]
[White "Hernandez Castro, Julio Cesar"]
[Black "Alvarez Carbajales, Fermin"]
[Result "1/2-1/2"]
[WhiteElo "1838"]
[BlackElo "1931"]
[PlyCount "49"]
[EventDate "2011.08.23"]
[EventType "swiss"]
[EventRounds "9"]
[EventCountry "ESP"]
[Source "lmi"]
[SourceDate "2011.08.23"]

1. Nf3 d5 2. c4 e6 3. g3 Nf6 4. Bg2 Be7 5. b3 c5 6. O-O O-O 7. cxd5 Nxd5 8. Bb2
Bf6 9. Nc3 Nxc3 10. Bxc3 Bxc3 11. dxc3 Nc6 12. Qc2 Bd7 13. Rad1 Qe7 14. Qe4
Rfd8 15. Ne5 Be8 16. Qe3 Nxe5 17. Qxe5 Rac8 18. e4 f6 19. Qf4 e5 20. Qe3 b6 21.
Qe2 Rxd1 22. Rxd1 Rd8 23. Bh3 Rd6 24. Kf1 Bc6 25. Ke1 1/2-1/2

[Event "26.Torneo Collado Villalba 2011"]
[Site "Collado Villalba ESP"]
[Date "2011.08.26"]
[Round "4.34"]
[White "Garcia-Sanchez Navarro, Mariano"]
[Black "Morona Minguez, Irene"]
[Result "0-1"]
[WhiteElo "1573"]
[BlackElo "1930"]
[PlyCount "48"]
[EventDate "2011.08.23"]
[EventType "swiss"]
[EventRounds "9"]
[EventCountry "ESP"]
[Source "lmi"]
[SourceDate "2011.08.23"]

1. c4 Nf6 2. Nc3 g6 3. e4 d6 4. Nge2 Bg7 5. g3 Nbd7 6. Bg2 Ne5 7. d3 h5 8. Bg5
Bg4 9. O-O Nf3+ 10. Kh1 Nxg5 11. f3 Bh3 12. Qd2 Bh6 13. Bxh3 Nxh3 14. f4 Ng4
15. Nd1 h4 16. Kg2 Qd7 17. Qc3 O-O-O 18. d4 Bg7 19. Qa5 hxg3 20. Qxa7 Qc6 21.
Nxg3 Qxc4 22. Re1 Nxf4+ 23. Kf3 Nxh2+ 24. Kxf4 Bh6# 0-1

[Event "26.Torneo Collado Villalba 2011"]
[Site "Collado Villalba ESP"]
[Date "2011.08.26"]
[Round "4.35"]
[White "Aziz Ortego, Omar Luis"]
[Black "Herrero Corada, Jose Ignacio"]
[Result "1-0"]
[WhiteElo "2168"]
[BlackElo "1852"]
[PlyCount "65"]
[EventDate "2011.08.23"]
[EventType "swiss"]
[EventRounds "9"]
[EventCountry "ESP"]
[Source "lmi"]
[SourceDate "2011.08.23"]

1. e4 c6 2. d4 d5 3. exd5 cxd5 4. c4 Nf6 5. Nc3 e6 6. Nf3 Bb4 7. Be2 dxc4 8.
O-O O-O 9. Bxc4 Nbd7 10. a3 Bxc3 11. bxc3 Qc7 12. Qd3 Rd8 13. Bd2 e5 14. Ng5
Rf8 15. Rae1 exd4 16. Re7 Qc5 17. Rxf7 Rxf7 18. cxd4 Qf8 19. Bb4 Qd8 20. Nxf7
Qc7 21. Bd6 Qa5 22. Bb4 Qh5 23. Re1 Nb6 24. Re5 Qg6 25. Qe2 Bh3 26. Ng5+ Nxc4
27. Qxc4+ Kh8 28. Nxh3 Qg4 29. Ng5 h6 30. h3 Qd7 31. Re7 Qd5 32. Nf7+ Kg8 33.
Qd3 1-0

[Event "26.Torneo Collado Villalba 2011"]
[Site "Collado Villalba ESP"]
[Date "2011.08.26"]
[Round "4.36"]
[White "Lopez Pais, Francisco"]
[Black "Rodriguez De Robles, Ignacio"]
[Result "0-1"]
[WhiteElo "1833"]
[BlackElo "1943"]
[PlyCount "76"]
[EventDate "2011.08.23"]
[EventType "swiss"]
[EventRounds "9"]
[EventCountry "ESP"]
[Source "lmi"]
[SourceDate "2011.08.23"]

1. c4 Nf6 2. g3 g6 3. Bg2 Bg7 4. d4 O-O 5. Nc3 c6 6. e4 d6 7. Nge2 a6 8. O-O b5
9. cxb5 axb5 10. a3 b4 11. Na2 bxa3 12. bxa3 Qb6 13. Nb4 Na6 14. Nd3 d5 15. e5
Ne4 16. f3 Nc3 17. Bb2 Nxe2+ 18. Qxe2 Bf5 19. Bc3 Bxd3 20. Qxd3 Bxe5 21. Rab1
Qa7 22. f4 Bg7 23. f5 Rad8 24. Kh1 c5 25. dxc5 Nxc5 26. Qd2 Ne4 27. Bxe4 dxe4
28. Qb2 Bxc3 29. Qxc3 Rd3 30. Qc4 Qa8 31. Kg1 Rxa3 32. fxg6 hxg6 33. Rf4 Qa7+
34. Kh1 e3 35. Rbf1 e6 36. Rh4 Ra2 37. Qb4 Rb8 38. Qc3 Qb7+ 0-1

[Event "26.Torneo Collado Villalba 2011"]
[Site "Collado Villalba ESP"]
[Date "2011.08.26"]
[Round "4.37"]
[White "Garcia Fernandez, Jesus"]
[Black "Martin Carmona, Gaston"]
[Result "1/2-1/2"]
[WhiteElo "1935"]
[BlackElo "1805"]
[PlyCount "50"]
[EventDate "2011.08.23"]
[EventType "swiss"]
[EventRounds "9"]
[EventCountry "ESP"]
[Source "lmi"]
[SourceDate "2011.08.23"]

1. e4 c5 2. Nc3 Nc6 3. f4 e6 4. Nf3 g6 5. Bc4 Bg7 6. f5 Nge7 7. fxe6 dxe6 8. d3
Nd4 9. Nxd4 Bxd4 10. Ne2 Bg7 11. O-O a6 12. a4 Bd7 13. Bg5 b5 14. Bb3 c4 15.
dxc4 bxc4 16. Ba2 Qc7 17. Kh1 Bc6 18. Ng3 O-O 19. Qg4 h6 20. Bf6 Bxf6 21. Rxf6
Qe5 22. Raf1 Kg7 23. Qh4 Ng8 24. R6f2 Bxa4 25. Qg4 Bb5 1/2-1/2

[Event "26.Torneo Collado Villalba 2011"]
[Site "Collado Villalba ESP"]
[Date "2011.08.26"]
[Round "4.38"]
[White "Barahona Torrijos, Angel"]
[Black "Montoya Pecurul, Marc"]
[Result "1/2-1/2"]
[WhiteElo "1902"]
[BlackElo "1796"]
[PlyCount "73"]
[EventDate "2011.08.23"]
[EventType "swiss"]
[EventRounds "9"]
[EventCountry "ESP"]
[Source "lmi"]
[SourceDate "2011.08.23"]

1. e4 c5 2. a3 e6 3. b4 cxb4 4. axb4 Bxb4 5. Bb2 Nf6 6. e5 Nd5 7. c4 Nf4 8. g3
Ng6 9. Nf3 Nc6 10. Bg2 Qc7 11. Qe2 O-O 12. O-O d6 13. exd6 Bxd6 14. Nc3 a6 15.
Ne4 Be7 16. d4 Re8 17. Rfd1 Bf8 18. Nfg5 h6 19. Qh5 Nb4 20. c5 Nd5 21. Nf3 Bd7
22. Ne5 Nxe5 23. dxe5 Bc6 24. Nd6 Nb4 25. Bc3 a5 26. Rab1 g6 27. Qg4 Bxg2 28.
Kxg2 Qxc5 29. Qf3 Bxd6 30. exd6 Qc6 31. Qxc6 bxc6 32. Bxb4 axb4 33. Rxb4 Ra5
34. Rb6 Rd5 35. Rxd5 cxd5 36. f4 Kg7 37. h4 1/2-1/2

[Event "26.Torneo Collado Villalba 2011"]
[Site "Collado Villalba ESP"]
[Date "2011.08.26"]
[Round "4.40"]
[White "Callejo Hernanz, Jesus Maria"]
[Black "Rodriguez Del Moral, Angel"]
[Result "0-1"]
[WhiteElo "1806"]
[BlackElo "1813"]
[PlyCount "72"]
[EventDate "2011.08.23"]
[EventType "swiss"]
[EventRounds "9"]
[EventCountry "ESP"]
[Source "lmi"]
[SourceDate "2011.08.23"]

1. d4 Nf6 2. c4 e6 3. Nf3 c5 4. g3 cxd4 5. Nxd4 a6 6. Bg2 Bc5 7. O-O O-O 8. Nc3
Nc6 9. Nc2 h6 10. Bf4 d6 11. a3 Nh5 12. Be3 Qc7 13. b4 Bxe3 14. Nxe3 Ne5 15.
Rc1 Nf6 16. Qb3 Bd7 17. b5 Qb6 18. Rfd1 Rfd8 19. Qb4 Be8 20. Na4 Qc7 21. Rc2
Rac8 22. Nb2 d5 23. Qb3 b6 24. Rcd2 Kf8 25. Nc2 Nxc4 26. Nxc4 Qxc4 27. Qxc4
Rxc4 28. Nd4 a5 29. e4 Rdc8 30. exd5 exd5 31. Nf5 Rc1 32. a4 Rxd1+ 33. Rxd1 Rc4
34. Nd6 Rxa4 35. Nc8 Bxb5 36. Nxb6 Ra3 0-1

[Event "26.Torneo Collado Villalba 2011"]
[Site "Collado Villalba ESP"]
[Date "2011.08.27"]
[Round "5.1"]
[White "Moreno Ruiz, Javier"]
[Black "Fernandez Cardoso, Alexey"]
[Result "0-1"]
[WhiteElo "2545"]
[BlackElo "2450"]
[PlyCount "74"]
[EventDate "2011.08.23"]
[EventType "swiss"]
[EventRounds "9"]
[EventCountry "ESP"]
[Source "lmi"]
[SourceDate "2011.08.23"]

1. d4 g6 2. e4 Bg7 3. Nf3 d6 4. c3 Nf6 5. Bd3 O-O 6. O-O Nbd7 7. Bg5 h6 8. Bh4
e5 9. Re1 Qe8 10. dxe5 dxe5 11. Nbd2 Nh5 12. Nc4 Nc5 13. Bf1 Nf4 14. Qc2 Bg4
15. Nfd2 Qd7 16. f3 Be6 17. Rad1 g5 18. Nb1 Ncd3 19. Bxd3 gxh4 20. Bf1 Qe7 21.
b4 Qg5 22. Ne3 a5 23. a3 Kh8 24. Bc4 Rg8 25. Bxe6 fxe6 26. Kh1 Bf8 27. Qf2 c5
28. b5 c4 29. g4 hxg3 30. Qxg3 Qxg3 31. hxg3 Rxg3 32. Rd2 Bc5 33. Rh2 Nd3 34.
Ree2 Bxe3 35. Rxe3 Rag8 36. Rxh6+ Kg7 37. Rh4 Kf8 0-1

[Event "26.Torneo Collado Villalba 2011"]
[Site "Collado Villalba ESP"]
[Date "2011.08.27"]
[Round "5.2"]
[White "Guerra Mendez, Jose Angel"]
[Black "Roa Alonso, Santiago"]
[Result "1-0"]
[WhiteElo "2450"]
[BlackElo "2428"]
[PlyCount "69"]
[EventDate "2011.08.23"]
[EventType "swiss"]
[EventRounds "9"]
[EventCountry "ESP"]
[Source "lmi"]
[SourceDate "2011.08.23"]

1. e4 e5 2. Nf3 Nc6 3. d4 exd4 4. Nxd4 Bb4+ 5. c3 Be7 6. g3 Nf6 7. Bg2 O-O 8.
O-O d6 9. Re1 Bg4 10. Qb3 Ne5 11. c4 Nfd7 12. h3 Nc5 13. Qc2 Bd7 14. Be3 Bf6
15. Rd1 Re8 16. f4 Nxc4 17. Qxc4 Nxe4 18. Qd3 Nxg3 19. Nc3 c6 20. Bf2 Nh5 21.
Qf3 g6 22. Ne4 Be7 23. f5 d5 24. Ng3 Nf6 25. h4 Bd6 26. Re1 Be5 27. Re2 c5 28.
Ne6 fxe6 29. Rxe5 exf5 30. Rxe8+ Qxe8 31. Bxc5 Qe5 32. Rd1 Ne4 33. Nxe4 dxe4
34. Qe3 Bc6 35. Qb3+ 1-0

[Event "26.Torneo Collado Villalba 2011"]
[Site "Collado Villalba ESP"]
[Date "2011.08.27"]
[Round "5.3"]
[White "Ortega Ruiz, Jose Miguel"]
[Black "Barria Zuniga, Daniel"]
[Result "1-0"]
[WhiteElo "2248"]
[BlackElo "2443"]
[PlyCount "74"]
[EventDate "2011.08.23"]
[EventType "swiss"]
[EventRounds "9"]
[EventCountry "ESP"]
[Source "lmi"]
[SourceDate "2011.08.23"]

1. d4 Nf6 2. c4 e6 3. g3 d5 4. Bg2 Be7 5. Nf3 O-O 6. O-O dxc4 7. Ne5 Nc6 8.
Nxc6 bxc6 9. Qa4 Qxd4 10. Bxc6 Rb8 11. Nc3 Rb4 12. Qc2 Qc5 13. Bf3 e5 14. Be3
Qa5 15. Bd2 Qa6 16. Nd5 Nxd5 17. Bxd5 Ra4 18. Rfc1 Be6 19. Bxe6 fxe6 20. a3 Qc6
21. b4 a5 22. bxa5 Bxa3 23. Rf1 Rb8 24. Bc3 Rb3 25. Rad1 Bd6 26. Ra1 Rxa1 27.
Rxa1 Qa6 28. Be1 Ra3 29. Rxa3 Bxa3 30. Qa4 Bf8 31. Qe8 Qd6 32. a6 Qxa6 33. Bb4
h6 34. Qxf8+ Kh7 35. Qf3 Qb5 36. Qe4+ Kg8 37. Bc3 Qd5 1-0

[Event "26.Torneo Collado Villalba 2011"]
[Site "Collado Villalba ESP"]
[Date "2011.08.27"]
[Round "5.4"]
[White "Gomez Garrido, Camilo"]
[Black "Renteria, Jorge"]
[Result "1-0"]
[WhiteElo "2524"]
[BlackElo "2320"]
[PlyCount "67"]
[EventDate "2011.08.23"]
[EventType "swiss"]
[EventRounds "9"]
[EventCountry "ESP"]
[Source "lmi"]
[SourceDate "2011.08.23"]

1. e4 c5 2. Nf3 d6 3. d4 cxd4 4. Nxd4 Nf6 5. Nc3 a6 6. Bg5 Nc6 7. Qd2 e6 8.
O-O-O h6 9. Nxc6 bxc6 10. Bf4 d5 11. Be2 Be7 12. Qe3 O-O 13. h4 Nh7 14. Kb1 Bd6
15. e5 Bc7 16. g4 f6 17. exf6 Bb6 18. Qd2 Qxf6 19. Bd6 Rd8 20. g5 Qxf2 21. Bf4
e5 22. Rhf1 Qxh4 23. Bxe5 Qxg5 24. Bf4 Qh4 25. Rh1 Qe7 26. Bd3 Nf8 27. Rde1 Qb7
28. Be5 Rb8 29. Na4 Ba7 30. Rxh6 Qb4 31. Rh8+ Kf7 32. Rf1+ Ke6 33. Bf5+ Kxe5
34. Qh2+ 1-0

[Event "26.Torneo Collado Villalba 2011"]
[Site "Collado Villalba ESP"]
[Date "2011.08.27"]
[Round "5.5"]
[White "Sanchez Gonzalez, Sergio"]
[Black "Alcazar Jimenez, Jesus"]
[Result "1-0"]
[WhiteElo "2302"]
[BlackElo "2257"]
[PlyCount "43"]
[EventDate "2011.08.23"]
[EventType "swiss"]
[EventRounds "9"]
[EventCountry "ESP"]
[Source "lmi"]
[SourceDate "2011.08.23"]

1. c4 Nf6 2. Nc3 d6 3. g3 g6 4. Bg2 Bg7 5. Nf3 e5 6. O-O O-O 7. d4 Nbd7 8. dxe5
dxe5 9. Bg5 h6 10. Be3 c6 11. h3 Re8 12. Qc2 Qe7 13. Rad1 Kh7 14. b3 a5 15. Na4
Bf8 16. Nd2 Rb8 17. c5 Nd5 18. Nc4 Qe6 19. Nd6 Nxe3 20. fxe3 Re7 21. Nxc8 Rxc8
22. Rd6 1-0

[Event "26.Torneo Collado Villalba 2011"]
[Site "Collado Villalba ESP"]
[Date "2011.08.27"]
[Round "5.6"]
[White "Salgado Lopez, Oscar"]
[Black "Madina Yadarola, Martin"]
[Result "1/2-1/2"]
[WhiteElo "2219"]
[BlackElo "2291"]
[PlyCount "72"]
[EventDate "2011.08.23"]
[EventType "swiss"]
[EventRounds "9"]
[EventCountry "ESP"]
[Source "lmi"]
[SourceDate "2011.08.23"]

1. e4 e5 2. Nf3 Qe7 3. g3 g6 4. Bg2 Bg7 5. O-O Nf6 6. d4 d6 7. dxe5 dxe5 8. c3
O-O 9. Qc2 b6 10. Re1 Ba6 11. Bf1 Bb7 12. Nbd2 Nbd7 13. b3 Ne8 14. a4 Nd6 15.
Ba3 f5 16. exf5 c5 17. Rad1 Kh8 18. Nh4 gxf5 19. Nc4 Nxc4 20. Bxc4 e4 21. f4
Rad8 22. Bb2 Qf6 23. Ng2 Nb8 24. Ne3 Na6 25. Rxd8 Rxd8 26. Rd1 Rxd1+ 27. Qxd1
Nb8 28. Qh5 Bc8 29. Kf2 Qg6 30. Qd1 Qe8 31. Qd5 Qf8 32. Qa8 Qd6 33. Ke2 Be6 34.
Bxe6 Qd3+ 35. Kf2 Qd2+ 36. Kf1 Qd3+ 1/2-1/2

[Event "26.Torneo Collado Villalba 2011"]
[Site "Collado Villalba ESP"]
[Date "2011.08.27"]
[Round "5.7"]
[White "Bermejo Arruego, Luis"]
[Black "Longa Yauca, Javier"]
[Result "1-0"]
[WhiteElo "2157"]
[BlackElo "2288"]
[PlyCount "93"]
[EventDate "2011.08.23"]
[EventType "swiss"]
[EventRounds "9"]
[EventCountry "ESP"]
[Source "lmi"]
[SourceDate "2011.08.23"]

1. e4 e6 2. d4 d5 3. e5 c5 4. c3 Nc6 5. Nf3 Qb6 6. Be2 Nge7 7. Na3 cxd4 8. cxd4
Nf5 9. Nc2 Be7 10. O-O Bd7 11. b3 Rc8 12. Bb2 f6 13. Bd3 Nh6 14. exf6 Bxf6 15.
Ne5 Bxe5 16. dxe5 O-O 17. Ne3 Rf7 18. Qd2 Kh8 19. Rac1 a5 20. Bb1 Rcf8 21. Nxd5
exd5 22. e6 Rf4 23. exd7 Ng4 24. Qd3 Re4 25. Qxd5 Nxf2 26. Qc5 Qxc5 27. Rxc5
Ref4 28. Rcc1 Kg8 29. g3 Nh3+ 30. Kg2 Rxf1 31. Rxf1 Rxf1 32. Kxf1 Ng5 33. h4
Ne6 34. Ba3 g6 35. Be4 Kf7 36. Bd6 Kf6 37. g4 h6 38. g5+ hxg5 39. hxg5+ Kxg5
40. Bxc6 bxc6 41. Be7+ Kf5 42. d8=Q Nxd8 43. Bxd8 a4 44. b4 Ke4 45. Ke2 Kd4 46.
a3 c5 47. Bb6 1-0

[Event "26.Torneo Collado Villalba 2011"]
[Site "Collado Villalba ESP"]
[Date "2011.08.27"]
[Round "5.8"]
[White "Moreno Tejera, Emilio"]
[Black "Pastor Alonso De Prado, Emilio"]
[Result "1-0"]
[WhiteElo "2264"]
[BlackElo "2197"]
[PlyCount "37"]
[EventDate "2011.08.23"]
[EventType "swiss"]
[EventRounds "9"]
[EventCountry "ESP"]
[Source "lmi"]
[SourceDate "2011.08.23"]

1. e4 e5 2. Nf3 Nc6 3. d4 exd4 4. Nxd4 d6 5. Nc3 Nf6 6. Bb5 Bd7 7. Bxc6 bxc6 8.
Qf3 c5 9. Nf5 Bxf5 10. Qxf5 Rb8 11. b3 Be7 12. Bb2 O-O 13. O-O-O Nd7 14. Nd5
Bg5+ 15. Kb1 c6 16. h4 Bxh4 17. Qh5 cxd5 18. Rxh4 h6 19. Bxg7 1-0

[Event "26.Torneo Collado Villalba 2011"]
[Site "Collado Villalba ESP"]
[Date "2011.08.27"]
[Round "5.9"]
[White "Vazquez Igarza, Renier"]
[Black "Ramos Aldoradin, John Paul"]
[Result "1-0"]
[WhiteElo "2561"]
[BlackElo "2159"]
[PlyCount "47"]
[EventDate "2011.08.23"]
[EventType "swiss"]
[EventRounds "9"]
[EventCountry "ESP"]
[Source "lmi"]
[SourceDate "2011.08.23"]

1. d4 e6 2. c4 d5 3. Nc3 c6 4. e4 dxe4 5. Nxe4 Bb4+ 6. Bd2 Qxd4 7. Bxb4 Qxe4+
8. Be2 Ne7 9. Qd2 Ng6 10. Nh3 Qh4 11. O-O-O Nd7 12. Bd6 Qd8 13. Rhe1 f6 14. Bh5
Kf7 15. f4 Re8 16. g4 Ndf8 17. Qc2 Qa5 18. Kb1 Rd8 19. b4 Qa3 20. Rd3 Qa6 21.
Bc5 Rxd3 22. Qxd3 b6 23. Bxf8 Kxf8 24. f5 1-0

[Event "26.Torneo Collado Villalba 2011"]
[Site "Collado Villalba ESP"]
[Date "2011.08.27"]
[Round "5.10"]
[White "Ledo Galan, Jose Emilio"]
[Black "Desanjose Candalija, Eduardo"]
[Result "1-0"]
[WhiteElo "2073"]
[BlackElo "2275"]
[PlyCount "51"]
[EventDate "2011.08.23"]
[EventType "swiss"]
[EventRounds "9"]
[EventCountry "ESP"]
[Source "lmi"]
[SourceDate "2011.08.23"]

1. e4 c5 2. Nf3 d6 3. d4 cxd4 4. Nxd4 Nf6 5. Nc3 a6 6. Be2 e6 7. Be3 Be7 8. g4
h6 9. Qd2 b5 10. f3 Bb7 11. a3 Nbd7 12. h4 d5 13. O-O-O dxe4 14. f4 Nc5 15. Kb1
Nd5 16. Nxd5 Qxd5 17. Qe1 Qd6 18. Nf5 Qc7 19. Nxg7+ Kf8 20. Qc3 Rg8 21. f5 Rxg7
22. f6 Bxf6 23. Qxf6 Rg6 24. Qc3 Rc8 25. h5 Rg8 26. Bxc5+ 1-0

[Event "26.Torneo Collado Villalba 2011"]
[Site "Collado Villalba ESP"]
[Date "2011.08.27"]
[Round "5.11"]
[White "Martin Martin, Luis Vicente"]
[Black "Semprun Martinez, Fernando"]
[Result "0-1"]
[WhiteElo "2048"]
[BlackElo "2239"]
[PlyCount "48"]
[EventDate "2011.08.23"]
[EventType "swiss"]
[EventRounds "9"]
[EventCountry "ESP"]
[Source "lmi"]
[SourceDate "2011.08.23"]

1. e4 e5 2. d4 exd4 3. Qxd4 Nc6 4. Qe3 Nf6 5. Bd2 Bb4 6. Nc3 O-O 7. O-O-O Re8
8. Qg3 Rxe4 9. Bd3 Rg4 10. Qh3 d6 11. f3 Rd4 12. g4 Ne5 13. Nge2 Rxd3 14. cxd3
Nxd3+ 15. Kc2 Nf2 16. Qh4 Nxh1 17. Rxh1 Be6 18. g5 Bxc3 19. Nxc3 Nd5 20. Ne4
Bf5 21. Kc1 Qd7 22. Nf6+ gxf6 23. gxf6 Qc6+ 24. Bc3 Nxc3 0-1